[Event "St Petersburg op"]
[Site "St Petersburg"]
[Date "2003.??.??"]
[Round "6"]
[White "Yakovlev, Yuri S"]
[Black "Sepman, Yulius"]
[Result "1/2-1/2"]
[WhiteElo "2177"]
[BlackElo "2314"]
[PlyCount "88"]
[EventDate "2003.??.??"]
[EventType "swiss"]
[EventRounds "9"]
[EventCountry "RUS"]
[SourceTitle "EXT 2005"]
[Source "ChessBase"]
[SourceDate "2004.11.15"]
[SourceVersion "1"]
[SourceVersionDate "2004.11.15"]
[SourceQuality "1"]

1. d4 d5 2. c4 Nc6 3. cxd5 Qxd5 4. e3 e5 5. Nc3 Bb4 6. Bd2 Bxc3 7. Bxc3 exd4 8. Ne2 Nf6 9. Nxd4 0-0 10. Nb5 Qg5 11. h4 Qg6 12. Nxc7 Bg4 13. Bd3 Qh6 14. f3 Rac8 15. Bxf6 Qxe3+ 16. Qe2 Qxe2+ 17. Bxe2 Rxc7 18. fxg4 gxf6 19. 0-0 Re8 20. Bb5 Re4 21. Rac1 Kg7 22. g5 fxg5 23. hxg5 Re5 24. Bxc6 bxc6 25. Rf4 Rxg5 26. Rfc4 Rg6 27. b4 Rb7 28. a3 Rg3 29. R1c3 Rxc3 30. Rxc3 Rb6 31. Rc5 Ra6 32. Kf2 Kf8 33. Rc3 Ke7 34. Ke3 Kd6 35. Kd4 h5 36. Rf3 h4 37. Rf6+ Ke7 38. Rf3 Kd6 39. Rf6+ Ke7 40. Rf3 Kd6 41. Rf6+ Ke7 42. Rf3 Kd6 43. Rf6+ Ke7 44. Rf3 Kd6 1/2-1/2

[Event "St Petersburg-ch sf"]
[Site "St Petersburg"]
[Date "2002.??.??"]
[Round "7"]
[White "Polaninov, Aleksy"]
[Black "Sepman, Yulius"]
[Result "1/2-1/2"]
[WhiteElo "2398"]
[BlackElo "2327"]
[PlyCount "67"]
[EventDate "2002.02.??"]
[EventType "swiss"]
[EventRounds "10"]
[EventCountry "RUS"]
[SourceTitle "EXT 2003"]
[Source "ChessBase"]
[SourceDate "2002.11.25"]
[SourceVersion "1"]
[SourceVersionDate "2002.11.25"]
[SourceQuality "1"]

1. d4 d5 2. Nf3 Nc6 3. Bf4 Bg4 4. e3 e6 5. c4 Bd6 6. Bg3 Nf6 7. Nc3 0-0 8. cxd5 exd5 9. Be2 Ne4 10. Bh4 Be7 11. Bxe7 Nxe7 12. Qc2 Nd6 13. Bd3 g6 14. Ne5 Bf5 15. Bxf5 Ndxf5 16. 0-0-0 Nd6 17. h4 f6 18. Nd3 c6 19. g4 Qe8 20. f3 Kg7 21. Qh2 Nc4 22. Rde1 Qf7 23. b3 Nb6 24. f4 Nd7 25. Kb2 Rac8 26. g5 Kh8 27. h5 c5 28. hxg6 Qxg6 29. gxf6 cxd4 30. fxe7 dxc3+ 31. Kc2 Rf7 32. Reg1 Qa6 33. a4 Rxe7 34. f5 1/2-1/2

[Event "St Petersburg-ch sf"]
[Site "St Petersburg"]
[Date "2002.??.??"]
[Round "6"]
[White "Sepman, Yulius"]
[Black "Vitiugov, Nikita"]
[Result "1-0"]
[WhiteElo "2327"]
[BlackElo "2408"]
[PlyCount "60"]
[EventDate "2002.02.??"]
[EventType "swiss"]
[EventRounds "10"]
[EventCountry "RUS"]
[SourceTitle "EXT 2003"]
[Source "ChessBase"]
[SourceDate "2002.11.25"]
[SourceVersion "1"]
[SourceVersionDate "2002.11.25"]
[SourceQuality "1"]

1. e4 c5 2. Nc3 e6 3. Nf3 d6 4. Be2 Nf6 5. 0-0 Be7 6. d4 cxd4 7. Nxd4 0-0 8. Kh1 Nc6 9. f4 Qc7 10. Bf3 Re8 11. Be3 Bd7 12. Qe1 Nxd4 13. Bxd4 Bc6 14. Qf2 b5 15. e5 Nd7 16. Rae1 b4 17. Ne4 d5 18. Ng3 Bb5 19. Be2 Bxe2 20. Rxe2 Bh4 21. f5 Bxg3 22. Qxg3 exf5 23. Rxf5 Re6 24. Ref2 Rf8 25. Qf4 Nb8 26. h3 a5 27. Qf3 g6 28. Rf6 Nc6 29. Bc5 Nxe5 30. Qxd5 Rfe8 1-0

[Event "Chigorin Memorial 08th"]
[Site "St Petersburg"]
[Date "2000.11.09"]
[Round "8"]
[White "Yashtylov, Anatolij"]
[Black "Sepman, Yulius"]
[Result "1/2-1/2"]
[WhiteElo "2314"]
[BlackElo "2291"]
[PlyCount "176"]
[EventDate "2000.10.31"]
[EventType "swiss"]
[EventRounds "9"]
[EventCountry "RUS"]
[SourceTitle "EXT 2001"]
[Source "ChessBase"]
[SourceDate "2000.11.22"]
[SourceVersion "1"]
[SourceVersionDate "2000.11.22"]
[SourceQuality "1"]

1. d4 d5 2. c4 Nc6 3. Nf3 Bg4 4. cxd5 Bxf3 5. gxf3 Qxd5 6. e3 e5 7. Nc3 Bb4 8. Bd2 Bxc3 9. bxc3 Nf6 10. Be2 0-0 11. 0-0 Rfe8 12. Rb1 Rab8 13. a4 a6 14. Kh1 Qe6 15. Re1 Ne7 16. Qb3 Qf5 17. e4 Qh5 18. Qc4 Ng6 19. Rg1 c6 20. Rg3 b5 21. axb5 axb5 22. Qd3 Nf4 23. Bxf4 exf4 24. Rg2 g6 25. Rbg1 Ra8 26. Qd2 Qh4 27. Qb2 Qh5 28. Qd2 Qh4 29. Qb2 Reb8 30. Qb3 Kg7 31. Bd1 Ra1 32. c4 Qh5 33. e5 Nd7 34. Qb2 Raa8 35. cxb5 Rxb5 36. Qd2 Ra1 37. Qxf4 Rbb1 38. Bb3 Rxg1+ 39. Rxg1 Rxg1+ 40. Kxg1 Qf5 41. Qxf5 gxf5 42. Ba4 Nf8 43. Bxc6 f6 44. f4 Ne6 45. d5 Nxf4 46. e6 Kf8 47. Kf1 Ke7 48. Ke1 Kd6 49. Bb7 Ng6 50. Ke2 Ne5 51. Ke3 Ng6 52. Kf3 Ke5 53. Kg3 Kd6 54. Ba8 Ke5 55. Bc6 Kd6 56. Kf3 Ke5 57. Kg3 Kd6 58. h4 h6 59. h5 Ne7 60. Kf4 Kc5 61. Bb7 Kd6 62. Bc6 Kc5 63. Ke3 Nc8 64. Bb7 Ne7 65. Kd3 f4 66. Ke4 Kd6 67. Kxf4 Kc5 68. Ke4 Kd6 69. Bc6 Kc5 70. Ba4 Kd6 71. Bd1 Kc5 72. Bg4 Kd6 73. Bh3 Kc5 74. Bf1 Kd6 75. Be2 Kc5 76. Bd3 Kd6 77. Bc4 Kc5 78. Bb3 Kd6 79. Kd4 Nf5+ 80. Kc4 Ke7 81. Kc5 Nd6 82. Bc2 Nb7+ 83. Kc6 Nd6 84. Bd3 Ne8 85. Kc5 Nd6 86. Kd4 Kd8 87. Ke3 Ke8 88. Kf4 Kf8 1/2-1/2

[Event "Chigorin Memorial 08th"]
[Site "St Petersburg"]
[Date "2000.11.08"]
[Round "7"]
[White "Sepman, Yulius"]
[Black "Praslov, Andrey"]
[Result "0-1"]
[WhiteElo "2291"]
[BlackElo "2375"]
[PlyCount "104"]
[EventDate "2000.10.31"]
[EventType "swiss"]
[EventRounds "9"]
[EventCountry "RUS"]
[SourceTitle "EXT 2001"]
[Source "ChessBase"]
[SourceDate "2000.11.22"]
[SourceVersion "1"]
[SourceVersionDate "2000.11.22"]
[SourceQuality "1"]

1. e4 d5 2. exd5 Qxd5 3. Nc3 Qa5 4. g3 Nf6 5. Bg2 c6 6. Nge2 Bf5 7. 0-0 e6 8. d3 Nbd7 9. Ne4 0-0-0 10. Qe1 Bb4 11. Bd2 Bxd2 12. Nxd2 e5 13. Nc3 Rhe8 14. Nc4 Qc7 15. b4 Be6 16. Ne3 Nb6 17. b5 Bd5 18. Ncxd5 cxd5 19. a4 Qc5 20. a5 Nbd7 21. c4 d4 22. Nd5 Nxd5 23. Bxd5 f5 24. a6 b6 25. f4 exf4 26. Qf2 g5 27. gxf4 g4 28. Qg2 Nf6 29. Bc6 Re3 30. Rae1 Rd6 31. Re2 Rde6 32. Rfe1 Qe7 33. Rxe3 Rxe3 34. Bb7+ Kb8 35. Rd1 Re1+ 36. Rxe1 Qxe1+ 37. Qf1 Qe3+ 38. Kh1 Kc7 39. c5 bxc5 40. b6+ Kb8 41. Qb1 Qe6 42. bxa7+ Kxa7 43. Qb5 Qe7 44. Bc8 Nd5 45. Qa5 Ne3 46. Qb5 Qc7 47. Qe8 Qb6 48. h3 gxh3 49. Bxf5 Qb1+ 50. Kh2 Qc2+ 51. Kxh3 Qg2+ 52. Kh4 Nxf5+ 0-1

[Event "Petrov Memorial op"]
[Site "St Petersburg"]
[Date "2000.02.15"]
[Round "8"]
[White "Sepman, Yulius"]
[Black "Shchukin, Dmitry"]
[Result "0-1"]
[WhiteElo "2273"]
[BlackElo "2387"]
[PlyCount "88"]
[EventDate "2000.02.05"]
[EventType "swiss"]
[EventRounds "9"]
[EventCountry "RUS"]
[SourceTitle "CBM 076"]
[Source "ChessBase"]
[SourceDate "2000.05.31"]
[SourceVersion "1"]
[SourceVersionDate "2000.05.31"]
[SourceQuality "1"]

1. e4 e6 2. d4 d5 3. Nc3 Bb4 4. exd5 exd5 5. Bd3 Nc6 6. Nge2 Nge7 7. 0-0 Bg4 8. f3 Bf5 9. a3 Bxc3 10. bxc3 Qd7 11. c4 Bxd3 12. Qxd3 dxc4 13. Qxc4 0-0 14. Bb2 Nd5 15. Qd3 b5 16. Rfe1 Na5 17. Rad1 Nc4 18. Bc1 Rfe8 19. Ng3 Rxe1+ 20. Rxe1 Re8 21. Re2 Rxe2 22. Qxe2 Qe7 23. Ne4 f5 24. Bg5 Qe6 25. Nf6+ Kf7 26. Qxe6+ Kxe6 27. Nxh7 Nxa3 28. Nf8+ Kf7 29. Nd7 Nxc2 30. Ne5+ Ke6 31. Nc6 Kd6 32. Nxa7 Nxd4 33. Bh4 c6 34. Bf2 Ne6 35. Kf1 Kc7 36. h4 b4 37. Ke1 Nef4 38. Bd4 Nxg2+ 39. Kf2 Nxh4 40. Bxg7 Kb7 41. Bd4 b3 42. Kg3 Ng6 43. Kf2 c5 44. Nc6 Kxc6 0-1

[Event "Petrov Memorial op"]
[Site "St Petersburg"]
[Date "2000.02.13"]
[Round "6"]
[White "Sepman, Yulius"]
[Black "Salinnikov, Denis Y"]
[Result "0-1"]
[WhiteElo "2273"]
[BlackElo "2403"]
[PlyCount "106"]
[EventDate "2000.02.05"]
[EventType "swiss"]
[EventRounds "9"]
[EventCountry "RUS"]
[SourceTitle "CBM 076"]
[Source "ChessBase"]
[SourceDate "2000.05.31"]
[SourceVersion "1"]
[SourceVersionDate "2000.05.31"]
[SourceQuality "1"]

1. e4 c5 2. Nc3 a6 3. f4 b5 4. Nf3 Bb7 5. d3 e6 6. Be2 Qc7 7. 0-0 Be7 8. Kh1 b4 9. Nb1 d5 10. e5 Nc6 11. Be3 Nh6 12. Bg1 Nf5 13. Nbd2 h5 14. c3 bxc3 15. bxc3 h4 16. Bf2 Ng3+ 17. Bxg3 hxg3 18. h3 g5 19. Qa4 g4 20. Ng1 gxh3 21. gxh3 Qd7 22. d4 Nxe5 23. Qxd7+ Nxd7 24. Kg2 Rg8 25. Rf3 Nf6 26. Nb3 c4 27. Nd2 Bd6 28. Raf1 Ke7 29. Rxg3 Bc6 30. Bg4 Rab8 31. Rf2 Rb2 32. Nf1 Rxf2+ 33. Kxf2 Ne4+ 34. Kf3 Nxc3 35. h4 Nxa2 36. h5 c3 37. Ne3 Nb4 38. h6 Rh8 39. Rh3 c2 40. Ne2 Bb5 41. Nc1 f5 42. Bxf5 exf5 43. Nxf5+ Ke6 44. Kg4 Nd3 45. Re3+ Kd7 46. Rxd3 Bxd3 47. Nxd3 Ba3 48. Kg5 c1Q 49. Nxc1 Bxc1 50. Kg6 Bxf4 51. h7 a5 52. Kg7 Rxh7+ 53. Kxh7 a4 0-1